00758nam a2200229 a 450000100060000000300080000600500170001400800410003102000320007203500200010404000350012404100080015908200360016711000360020324500910023926000250033030000350035549000250039050000320041565000560044783000250050362145BD-RjUL20211209081040.0170121s2001 bg 00010 eng d a9845083935c: Complimentary a(BD-RjUL) 62270 aBD-RjULbengdBD-RjULcBD-RjUL aeng 223a630.95492021bSYL 2001 (ZS) aBangladesh Bureau of Statistics10aCensus of Agriculture - 1996 :bZila Series: Sylhet /cBangladesh Bureau of Statistics aDhaka :bBBS,c2001. axiv, 475 p. : bIll. ;c28 cm. aZila Series: Sylhet  aChiefly statistical tables. aAgriculturezBangladeshzSylhet vStatistics.y1996 aZila Series: Sylhet